000 01497nac a22003371i 4500
003 EG-ScBUE
005 20231210115116.0
008 121211s2006 le af b 001 0 ara d
020 _a9953711844
020 _a9789953711843
020 _a2707311529
040 _aEG-ScBUE
_bara
_erda
_cEG-ScBUE
_dEG-ScBUE
043 _aar-----
_ama-----
082 0 4 _a956
_bق ر م
_222
100 1 _aقرم، جورج
_d1940-
_eمؤلف،
_eمراجع.
_931644
240 1 0 _aProche-orient éclaté 1956-2006.
_lArabic
245 1 0 _aانفجار المشرق العربي :
_bمن تأميم قناة السويس إلى غزو العراق 1956-2006 /
_cجورج قرم ؛ ترجمه عن الفرنسية د. محمد على مقلد ؛ حققه نسيب عون.
250 _aالطبعة الأولى.
264 1 _aبيروت :
_bدار الفارابي،
_c2006.
300 _a863 صفحة ؛
_bإيضاحيات ؛
_c24 سم
336 _2rdacontent
_aنص
_btxt
337 _aبدون وسيط
_2rdamedia
_bn
338 _aمجلد
_bnc
_2rdacarrier
504 _aيشتمل على إرجاعات ببليوجرافية وكشافات.
651 7 _a‪الشرق الأوسط
_x‪تاريخ
_yالعصر الحديث.
_2BUEsh
651 7 _a‪الدول العربية
_x‪سياسة وحكومة
_yالعصر الحديث.
_2BUEsh
655 _vReading book
700 1 _aمقلد، محمد علي،
_d1947-
_eمترجم.
_931646
700 1 _aعون، نسيب،
_eمحقق.
_931647
942 _cBB
_2ddc
999 _c7902
_d7902